<?xml version="1.0" encoding="UTF-8"?>
<record
    xmlns:xsi="http://www.w3.org/2001/XMLSchema-instance"
    xsi:schemaLocation="http://www.loc.gov/MARC21/slim http://www.loc.gov/standards/marcxml/schema/MARC21slim.xsd"
    xmlns="http://www.loc.gov/MARC21/slim">

  <leader>03294nam a22004577a 4500</leader>
  <controlfield tag="001">BRCA_9232</controlfield>
  <controlfield tag="003">FranzMayer</controlfield>
  <controlfield tag="005">20220921134824.0</controlfield>
  <controlfield tag="008">220914b        |||||||| |||| 00| 0 eng d</controlfield>
  <datafield tag="020" ind1=" " ind2=" ">
    <subfield code="a">9786073049221</subfield>
  </datafield>
  <datafield tag="040" ind1=" " ind2=" ">
    <subfield code="b">spa</subfield>
    <subfield code="c">MFM</subfield>
  </datafield>
  <datafield tag="041" ind1=" " ind2=" ">
    <subfield code="a">spa</subfield>
  </datafield>
  <datafield tag="050" ind1=" " ind2=" ">
    <subfield code="a">F1230.</subfield>
    <subfield code="b">E586 2021</subfield>
  </datafield>
  <datafield tag="245" ind1=" " ind2=" ">
    <subfield code="a">En torno a la conquista : </subfield>
    <subfield code="b">visiones recientes</subfield>
  </datafield>
  <datafield tag="260" ind1=" " ind2=" ">
    <subfield code="a">Ciudad de M&#xE9;xico : </subfield>
    <subfield code="b">Universidad Nacional Aut&#xF3;noma de M&#xE9;xico, Instituto de Investigaciones Filol&#xF3;gicas, </subfield>
    <subfield code="c">2021</subfield>
  </datafield>
  <datafield tag="300" ind1=" " ind2=" ">
    <subfield code="a">343 pp. : </subfield>
    <subfield code="b">il. fot. map. ; </subfield>
    <subfield code="c">17 x 22.5 cm.</subfield>
  </datafield>
  <datafield tag="490" ind1=" " ind2=" ">
    <subfield code="a">Ediciones especiales</subfield>
    <subfield code="v">122</subfield>
  </datafield>
  <datafield tag="500" ind1=" " ind2=" ">
    <subfield code="a">Ubicaci&#xF3;n: L60-N1</subfield>
  </datafield>
  <datafield tag="500" ind1=" " ind2=" ">
    <subfield code="a">Incluye im&#xE1;genes de la Colecci&#xF3;n Museo Franz Mayer (segundo Biombo entre pp. 318-319)</subfield>
  </datafield>
  <datafield tag="505" ind1=" " ind2=" ">
    <subfield code="t">Presentaci&#xF3;n / </subfield>
    <subfield code="r">Aurora D&#xED;ez-Canedo F. </subfield>
  </datafield>
  <datafield tag="505" ind1=" " ind2=" ">
    <subfield code="t">La figura de Hern&#xE1;n Cort&#xE9;s en la geopol&#xED;tica del Renacimiento / </subfield>
    <subfield code="r">Ascensi&#xF3;n Hern&#xE1;ndez Trivi&#xF1;o</subfield>
  </datafield>
  <datafield tag="505" ind1=" " ind2=" ">
    <subfield code="t">Hern&#xE1;n Cort&#xE9;s: redes epistolares / </subfield>
    <subfield code="r">Mar&#xED;a del Carmen Mart&#xED;nez Mart&#xED;nez</subfield>
  </datafield>
  <datafield tag="505" ind1=" " ind2=" ">
    <subfield code="t">Las instrucciones del cabildo de la Villa Rica de la Veracruz a los procuradores / </subfield>
    <subfield code="r">Rodrigo Mart&#xED;nez Baracs</subfield>
  </datafield>
  <datafield tag="505" ind1=" " ind2=" ">
    <subfield code="t">Cambios y persistencias en la vida cotidiana de los chontales de Tabasco antes y despu&#xE9;s del recorrido de Cort&#xE9;s en 1524 / </subfield>
    <subfield code="r">Miriam Judith Gallegos G&#xF3;mora y Ricardo Armijo Torres</subfield>
  </datafield>
  <datafield tag="505" ind1=" " ind2=" ">
    <subfield code="t">Las cuencas bajas de los r&#xED;os Grijalva y Dos Bocas en Tabasco seg&#xFA;n los mapas ind&#xED;genas, la Relaci&#xF3;n de Hern&#xE1;n Cort&#xE9;s (1524-1525) y el mapa de Tom&#xE1;s L&#xF3;pez (1783) / </subfield>
    <subfield code="r">Flora L. I. Salazar Ledesma</subfield>
  </datafield>
  <datafield tag="505" ind1=" " ind2=" ">
    <subfield code="t">Los diferentes grupos mayas y el capit&#xE1;n Cort&#xE9;s / </subfield>
    <subfield code="r">Jos&#xE9; Manuel A. Ch&#xE1;vez G&#xF3;mez</subfield>
  </datafield>
  <datafield tag="505" ind1=" " ind2=" ">
    <subfield code="t">Digo Vel&#xE1;zquez, el despojado / </subfield>
    <subfield code="r">Mar&#xED;a del Carmen Le&#xF3;n C&#xE1;zares</subfield>
  </datafield>
  <datafield tag="505" ind1=" " ind2=" ">
    <subfield code="t">Mano derecha: Pedro de Alvarado, Hern&#xE1;n Cort&#xE9;s y la conquista de M&#xE9;xico / </subfield>
    <subfield code="r">W. George Lovell</subfield>
  </datafield>
  <datafield tag="505" ind1=" " ind2=" ">
    <subfield code="t">Los m&#xE9;ritos de la lengua. Rememoraciones de Jer&#xF3;nimo de Aguilar, primer int&#xE9;rprete de Hern&#xE1;n Cort&#xE9;s / </subfield>
    <subfield code="r">Carlos Conover Blancas</subfield>
  </datafield>
  <datafield tag="505" ind1=" " ind2=" ">
    <subfield code="t">Huanitzin, gobernante de Ecatepec y acompa&#xF1;ante de Cort&#xE9;s / </subfield>
    <subfield code="r">Mar&#xED;a de Guadalupe Su&#xE1;rez Castro</subfield>
  </datafield>
  <datafield tag="505" ind1=" " ind2=" ">
    <subfield code="t">Imagen y poder. El escudo de armas de Hern&#xE1;n Cort&#xE9;s / </subfield>
    <subfield code="r">Miguel Soto</subfield>
  </datafield>
  <datafield tag="505" ind1=" " ind2=" ">
    <subfield code="t">Miradas comparativas entre los biombos de la conquista / </subfield>
    <subfield code="r">Ver&#xF3;nica Volkow Fern&#xE1;ndez</subfield>
  </datafield>
  <datafield tag="520" ind1=" " ind2=" ">
    <subfield code="a">Se re&#xFA;nen aqu&#xED; doce trabajos de investigaci&#xF3;n de especialistas en temas relacionados con la conquista de M&#xE9;xico. Enfoques o "visiones" desde distintas disciplinas integran y estructuran el presente volumen donde se complementan la investigaci&#xF3;n de historiadores en archivos de M&#xE9;xico y de Europa, el trabajo de campo de arque&#xF3;logos y etnohistoriadores, y la lectura de los textos y cr&#xF3;nicas can&#xF3;nicas sobre esta tem&#xE1;tica y de documentos poco conocidos o in&#xE9;ditos, mediante interpretaciones nuevas que aportan conocimientos y matices enriquecedores. - Proporcionado por la editorial.</subfield>
  </datafield>
  <datafield tag="600" ind1=" " ind2=" ">
    <subfield code="a">Cort&#xE9;s, Hern&#xE1;n,&#x200F; </subfield>
    <subfield code="d">1485-1547</subfield>
    <subfield code="9">28561</subfield>
  </datafield>
  <datafield tag="650" ind1=" " ind2=" ">
    <subfield code="a">Conquistadores</subfield>
    <subfield code="x">Historia</subfield>
    <subfield code="z">M&#xE9;xico</subfield>
    <subfield code="9">28562</subfield>
  </datafield>
  <datafield tag="651" ind1=" " ind2=" ">
    <subfield code="a">M&#xE9;xico</subfield>
    <subfield code="x">Historia</subfield>
    <subfield code="x">Conquista, 1519-1540</subfield>
    <subfield code="9">28563</subfield>
  </datafield>
  <datafield tag="700" ind1=" " ind2=" ">
    <subfield code="a">Ch&#xE1;vez G&#xF3;mez, Jos&#xE9; M.&#x200F;</subfield>
    <subfield code="e">coord.</subfield>
    <subfield code="q">(Jos&#xE9; Manuel)</subfield>
    <subfield code="9">28564</subfield>
  </datafield>
  <datafield tag="700" ind1=" " ind2=" ">
    <subfield code="a">D&#xED;ez Canedo, Aurora</subfield>
    <subfield code="e">coord. y ed.</subfield>
    <subfield code="9">28565</subfield>
  </datafield>
  <datafield tag="942" ind1=" " ind2=" ">
    <subfield code="2">lcc</subfield>
    <subfield code="c">B</subfield>
  </datafield>
  <datafield tag="999" ind1=" " ind2=" ">
    <subfield code="c">10851</subfield>
    <subfield code="d">10851</subfield>
  </datafield>
  <datafield tag="952" ind1=" " ind2=" ">
    <subfield code="0">0</subfield>
    <subfield code="1">0</subfield>
    <subfield code="2">lcc</subfield>
    <subfield code="4">0</subfield>
    <subfield code="7">0</subfield>
    <subfield code="a">BRCA</subfield>
    <subfield code="b">BRCA</subfield>
    <subfield code="d">2022-09-14</subfield>
    <subfield code="l">0</subfield>
    <subfield code="o">F1230. E586 2021</subfield>
    <subfield code="p">CONT10021</subfield>
    <subfield code="r">2022-09-14 00:00:00</subfield>
    <subfield code="w">2022-09-14</subfield>
    <subfield code="y">B</subfield>
  </datafield>
  <datafield tag="952" ind1=" " ind2=" ">
    <subfield code="0">0</subfield>
    <subfield code="1">0</subfield>
    <subfield code="2">lcc</subfield>
    <subfield code="4">0</subfield>
    <subfield code="7">0</subfield>
    <subfield code="a">BRCA</subfield>
    <subfield code="b">BRCA</subfield>
    <subfield code="d">2022-09-14</subfield>
    <subfield code="l">0</subfield>
    <subfield code="o">F1230. E586 2021</subfield>
    <subfield code="p">CONT10022</subfield>
    <subfield code="r">2022-09-14 00:00:00</subfield>
    <subfield code="w">2022-09-14</subfield>
    <subfield code="y">B</subfield>
  </datafield>
</record>
